[Event "KAUPTHING OPEN 2007 B"]
[Site "?"]
[Date "2007.07.08"]
[Round "2.26"]
[White "Meyer, Mylène"]
[Black "Jagiello, Robert"]
[Result "1-0"]
[WhiteElo "1720"]
[BlackElo "1292"]
[PlyCount "121"]
[EventDate "2007.07.18"]

1. d4 d5 2. Nf3 Bf5 3. Bf4 e6 4. e3 Bd6 5. Bg3 Nc6 6. Bd3 Nge7 7. O-O O-O 8. a3
Re8 9. c4 b6 10. Nc3 Qd7 11. Bxd6 cxd6 12. Bxf5 Nxf5 13. cxd5 exd5 14. Nxd5
Rac8 15. Rc1 Nce7 16. Nxe7+ Qxe7 17. Qd2 Qe4 18. Rc3 Rxc3 19. Qxc3 Nh4 20. Nxh4
Qxh4 21. Rc1 h6 22. Qc7 Qe7 23. Kf1 Kf8 24. Rc6 Qxc7 25. Rxc7 Re7 26. Rc8+ Re8
27. Rxe8+ Kxe8 28. Ke2 Ke7 29. Kd3 d5 30. b4 b5 31. e4 Ke6 32. f3 f5 33. e5 g5
34. g3 a6 35. Ke3 Kf7 36. h4 Ke6 37. Kf2 gxh4 38. gxh4 f4 39. h5 Kf5 40. Kg2
Kg5 41. Kh3 Kxh5 42. Kg2 Kg5 43. Kh2 Kh5 44. Kh3 Kg5 45. e6 Kf6 46. Kh4 Kxe6
47. Kh5 Kf5 48. Kxh6 Kf6 49. Kh5 Kf5 50. Kh4 Kf6 51. Kg4 Ke6 52. Kxf4 Kf6 53.
Kg4 Ke6 54. Kg5 Kd6 55. Kg6 Ke6 56. f4 Ke7 57. f5 Kf8 58. Kf6 Ke8 59. Kg7 Ke7
60. f6+ Ke6 61. f7 1-0

[Event "KAUPTHING OPEN 2007 B"]
[Site "?"]
[Date "2007.07.08"]
[Round "2.27"]
[White "Donini, Carlo"]
[Black "Scheerer, Daniel"]
[Result "0-1"]
[WhiteElo "1347"]
[BlackElo "1716"]
[PlyCount "93"]
[EventDate "2007.07.18"]

1. c4 c5 2. Nc3 b6 3. g3 Bb7 4. Nf3 e6 5. Bg2 Nf6 6. O-O d6 7. b3 Be7 8. Bb2 a6
9. Qc2 O-O 10. Rad1 Nbd7 11. d4 cxd4 12. Rxd4 Qc7 13. Rd2 Rac8 14. Qb1 Rfe8 15.
Rfd1 Red8 16. e3 Nc5 17. Ng5 Bxg2 18. Kxg2 Qc6+ 19. f3 h6 20. Nge4 Ncxe4 21.
Nxe4 Nxe4 22. fxe4 f5 23. Rd4 Bf6 24. R4d2 Bxb2 25. Qxb2 Qxe4+ 26. Kf2 Qc6 27.
Qd4 d5 28. cxd5 Rxd5 29. Qb2 Rxd2+ 30. Rxd2 Qe4 31. Qd4 Qxd4 32. exd4 Kf7 33.
Ke3 Kf6 34. Kf4 g5+ 35. Ke3 Rc3+ 36. Rd3 Rxd3+ 37. Kxd3 h5 38. a4 Ke7 39. b4
Kd6 40. Kc4 e5 41. dxe5+ Kxe5 42. b5 a5 43. Kd3 f4 44. Ke2 fxg3 45. hxg3 h4 46.
gxh4 gxh4 47. Kf3 0-1

[Event "KAUPTHING OPEN 2007 B"]
[Site "?"]
[Date "2007.07.08"]
[Round "2.28"]
[White "Dording, Fränz"]
[Black "Bariani, Sébastien"]
[Result "0-1"]
[WhiteElo "1251"]
[BlackElo "1700"]
[PlyCount "48"]
[EventDate "2007.07.18"]

1. e4 e5 2. Nf3 Nc6 3. Bc4 Nf6 4. Nc3 Nxe4 5. Nxe4 d5 6. Bd3 dxe4 7. Bxe4 Bg4
8. Bxc6+ bxc6 9. O-O Bd6 10. Qe2 O-O 11. d3 Qf6 12. Bg5 Qxg5 13. Nxg5 Bxe2 14.
Rfe1 Bh5 15. Re3 h6 16. Nf3 Bxf3 17. gxf3 f5 18. Rae1 Kf7 19. c3 Rae8 20. d4
exd4 21. cxd4 Bf4 22. R3e2 Bd2 23. Rxd2 Rxe1+ 24. Kg2 Rc1 0-1

[Event "KAUPTHING OPEN 2007 B"]
[Site "?"]
[Date "2007.07.08"]
[Round "2.29"]
[White "Marchal, Roger"]
[Black "Cressa, Luca"]
[Result "1-0"]
[WhiteElo "1682"]
[BlackElo "1250"]
[PlyCount "51"]
[EventDate "2007.07.18"]

1. c4 e5 2. g3 Nc6 3. Bg2 Nf6 4. Nc3 Bc5 5. a3 O-O 6. b4 Bd4 7. Qc2 Ng4 8. e3
Bxc3 9. Qxc3 d6 10. Nf3 Qf6 11. Bb2 a5 12. O-O e4 13. Qxf6 gxf6 14. Nh4 Be6 15.
Bxe4 axb4 16. axb4 Nxb4 17. Bf5 Bxc4 18. Rfc1 Nd3 19. Bxd3 Bxd3 20. Rxc7 Rxa1+
21. Bxa1 Be4 22. f3 Bd5 23. fxg4 Ra8 24. Bc3 Ra4 25. Nf5 Rxg4 26. Rc8# 1-0

[Event "KAUPTHING OPEN 2007 B"]
[Site "?"]
[Date "2007.07.08"]
[Round "2.30"]
[White "Adami, Eric"]
[Black "Blond Hanten, Elsa"]
[Result "1-0"]
[WhiteElo "1653"]
[BlackElo "1200"]
[PlyCount "46"]
[EventDate "2007.07.18"]

1. e4 e5 2. Nf3 Nc6 3. Bb5 Nf6 4. O-O Bb4 5. c3 O-O 6. cxb4 Nxb4 7. d3 a6 8.
Bc4 d6 9. h3 b5 10. Bb3 a5 11. a3 Nc6 12. Bg5 a4 13. Bd5 Na5 14. Bxa8 Nb3 15.
Ra2 Ba6 16. Bd5 c6 17. Bxb3 axb3 18. Qxb3 Bc8 19. a4 bxa4 20. Rxa4 c5 21. Qc2
d5 22. Rd1 Nxe4 23. Bxd8 Rxd8 1-0

[Event "KAUPTHING OPEN 2007 B"]
[Site "?"]
[Date "2007.07.08"]
[Round "2.31"]
[White "Berchem Lux, Stéphane"]
[Black "Poscic, Mark"]
[Result "0-1"]
[WhiteElo "1200"]
[BlackElo "1592"]
[PlyCount "56"]
[EventDate "2007.07.18"]

1. e4 d5 2. f3 dxe4 3. fxe4 Nf6 4. Nc3 Nc6 5. Bb5 Bg4 6. Nf3 Bd7 7. Nd5 Nxe4 8.
d3 Nd6 9. Bf4 Nxb5 10. c4 Nd6 11. Ne5 Nxe5 12. Bxe5 e6 13. Bxd6 Bxd6 14. Qg4
O-O 15. O-O exd5 16. cxd5 Bxg4 17. Rae1 Bc5+ 18. Kh1 Qxd5 19. h3 Bxh3 20. Re2
Qxd3 21. Rfe1 Bf2 22. Rxf2 Rae8 23. Ref1 Re2 24. Kg1 Rxf2 25. Rxf2 Re8 26. gxh3
Qxh3 27. Rg2 Qxg2+ 28. Kxg2 Re2+ 0-1

[Event "KAUPTHING OPEN 2007 B"]
[Site "?"]
[Date "2007.07.08"]
[Round "2.32"]
[White "Schaul, Georges"]
[Black "Steffen, Robert"]
[Result "0-1"]
[WhiteElo "1200"]
[BlackElo "1552"]
[PlyCount "26"]
[EventDate "2007.07.18"]

1. e4 e6 2. Nf3 d5 3. Be2 dxe4 4. Ng1 Nf6 5. Nc3 Bb4 6. Na4 Bd7 7. Nh3 Bxa4 8.
O-O O-O 9. a3 Ba5 10. d4 exd3 11. b3 dxe2 12. Re1 exd1=Q 13. Rxd1 Qxd1# 0-1

[Event "KAUPTHING OPEN 2007 B"]
[Site "?"]
[Date "2007.07.08"]
[Round "2.33"]
[White "Yanovska, Violeta"]
[Black "Pinheiro, Philippe"]
[Result "0-1"]
[WhiteElo "1200"]
[BlackElo "1540"]
[PlyCount "68"]
[EventDate "2007.07.18"]

1. e4 c5 2. Nf3 e6 3. Bc4 Nc6 4. O-O d6 5. Bb5 Bd7 6. Bxc6 Bxc6 7. Nc3 Qc7 8.
d3 Nf6 9. Bf4 Nh5 10. Be3 g6 11. h3 Be7 12. g4 Ng7 13. Bh6 Rg8 14. Bxg7 Rxg7
15. Qe2 O-O-O 16. Rfe1 Rh8 17. e5 d5 18. d4 c4 19. b3 cxb3 20. cxb3 g5 21. a4
a6 22. Qd3 h5 23. gxh5 Rxh5 24. Re2 Rxh3 25. Kg2 Rgh7 26. Re3 R7h5 27. Rae1 g4
28. Ng1 Qd8 29. f3 Qg8 30. R1e2 gxf3+ 31. Kf2 Qg2+ 32. Ke1 Qxg1+ 33. Kd2 fxe2
34. Kxe2 Rh2+ 0-1

[Event "KAUPTHING OPEN 2007 B"]
[Site "?"]
[Date "2007.07.08"]
[Round "3.1"]
[White "Hoefer, Ulrich"]
[Black "Schartz, Alain"]
[Result "0-1"]
[WhiteElo "1940"]
[BlackElo "2199"]
[PlyCount "100"]
[EventDate "2007.07.18"]

1. e4 e6 2. d4 d5 3. Nc3 dxe4 4. Nxe4 Qd5 5. Qd3 Nc6 6. c3 Be7 7. Bf4 f5 8. Ng3
Bd6 9. Bd2 f4 10. Ne4 Bd7 11. Nf3 Nf6 12. Nxf6+ gxf6 13. c4 Qh5 14. c5 Be7 15.
Be2 Qf7 16. Bxf4 e5 17. dxe5 O-O-O 18. Qc3 Qg7 19. O-O-O fxe5 20. Bg3 h5 21. h4
Bf6 22. Qa3 Kb8 23. Kb1 Bf5+ 24. Kc1 e4 25. Ng5 Nd4 26. Bc4 Bg4 27. Rde1 Bxg5+
28. hxg5 Qxg5+ 29. Kb1 h4 30. Bh2 Qd2 31. Rc1 Qxf2 32. Rhf1 Qd2 33. Be5 Rhe8
34. Bxd4 Qxd4 35. c6 e3 36. Qb3 Qb6 37. cxb7 Qxb3 38. axb3 Kxb7 39. Rce1 Rd2
40. Rg1 Kb6 41. b4 Bf5+ 42. Ka1 Be6 43. Bxe6 Rxe6 44. g4 h3 45. g5 Rg2 46. Rh1
Rg3 47. Re2 Rg6 48. Rhe1 R6xg5 49. Rxe3 Rxe3 50. Rxe3 Rh5 0-1

[Event "KAUPTHING OPEN 2007 B"]
[Site "?"]
[Date "2007.07.08"]
[Round "3.2"]
[White "Nguyen-Huu, Hoang"]
[Black "Wagener, Christophe"]
[Result "1-0"]
[WhiteElo "2103"]
[BlackElo "1930"]
[PlyCount "47"]
[EventDate "2007.07.18"]

1. c3 e5 2. Qc2 Nf6 3. d3 d5 4. e4 Nc6 5. Nf3 Be7 6. Be2 O-O 7. O-O Ng4 8. Nbd2
Kh8 9. h3 Nf6 10. b4 a6 11. a3 Ne8 12. Bb2 f5 13. Rad1 Nf6 14. c4 fxe4 15. dxe4
Nd4 16. Nxd4 exd4 17. cxd5 Qe8 18. Qxc7 Qf7 19. Bxd4 Rd8 20. Bc5 Rd7 21. Qf4
Qg6 22. Bg4 Nxg4 23. Bxe7 Rxe7 24. Qf8# 1-0

[Event "KAUPTHING OPEN 2007 B"]
[Site "?"]
[Date "2007.07.08"]
[Round "3.3"]
[White "Schweitzer, Marc"]
[Black "Vignale, Stéphane"]
[Result "1/2-1/2"]
[WhiteElo "1912"]
[BlackElo "2086"]
[PlyCount "67"]
[EventDate "2007.07.18"]

1. Nf3 Nf6 2. d4 d5 3. g3 e6 4. Bg2 Be7 5. O-O O-O 6. b3 b6 7. Bb2 Bb7 8. Ne5
Nbd7 9. Nd2 c5 10. Nxd7 Qxd7 11. dxc5 bxc5 12. e3 a5 13. c4 a4 14. cxd5 Bxd5
15. e4 Bc6 16. Qc2 Rfd8 17. Nc4 Qb7 18. Rfe1 axb3 19. axb3 Rxa1 20. Bxa1 Rb8
21. Na5 Qb5 22. Nxc6 Qxc6 23. Bxf6 gxf6 24. e5 Qb6 25. exf6 Bxf6 26. Be4 Qxb3
27. Qxc5 Qb4 28. Qxb4 Rxb4 29. Bf3 Bd4 30. Re2 e5 31. Be4 Kg7 32. Kg2 h6 33. f4
exf4 34. gxf4 1/2-1/2

[Event "KAUPTHING OPEN 2007 B"]
[Site "?"]
[Date "2007.07.08"]
[Round "3.4"]
[White "Morozova, Julia"]
[Black "Ludewig, Robert"]
[Result "1-0"]
[WhiteElo "2073"]
[BlackElo "1910"]
[PlyCount "95"]
[EventDate "2007.07.18"]

1. d4 e5 2. dxe5 Nc6 3. Nf3 Qe7 4. g3 Nxe5 5. Bg2 c6 6. O-O d5 7. Qd4 Nxf3+ 8.
Bxf3 Qc5 9. Qe5+ Qe7 10. Bf4 Nf6 11. Nd2 Qxe5 12. Bxe5 Be7 13. c4 Bb4 14. cxd5
cxd5 15. Rfd1 Be6 16. Rac1 O-O 17. a3 Nd7 18. Bd4 Ba5 19. Nb3 Bb6 20. Nc5 Bxc5
21. Bxc5 Rfc8 22. Bd4 b6 23. Bc3 Nf6 24. Bxf6 gxf6 25. e3 Kf8 26. Rxc8+ Rxc8
27. Bxd5 Ke7 28. Kg2 Rc7 29. b4 f5 30. Kf3 Rc3 31. a4 Rc2 32. b5 Rc5 33. Bc6 h5
34. Rd4 Rc4 35. Kf4 Kf6 36. Bf3 Kg6 37. Bd1 Rc8 38. h4 Rc7 39. f3 Rc4 40. Rxc4
Bxc4 41. Bc2 Be6 42. g4 hxg4 43. fxg4 Kh6 44. gxf5 Bc8 45. Ke5 a6 46. Kf6 axb5
47. axb5 Bd7 48. Bd3 1-0

[Event "KAUPTHING OPEN 2007 B"]
[Site "?"]
[Date "2007.07.08"]
[Round "3.5"]
[White "Berens, Thomas"]
[Black "Roitzsch, Philippe"]
[Result "1/2-1/2"]
[WhiteElo "2032"]
[BlackElo "1871"]
[PlyCount "63"]
[EventDate "2007.07.18"]

1. d4 Nf6 2. Nf3 e6 3. e3 b6 4. Bd3 Bb7 5. Nbd2 d6 6. O-O Nbd7 7. Re1 Be7 8. e4
c5 9. c3 Qc7 10. Qe2 e5 11. Nf1 Nf8 12. Ng3 Ng6 13. Nf5 O-O 14. g3 Rfe8 15. Bb5
Rf8 16. d5 a6 17. Bd3 Rfe8 18. h4 Bf8 19. Bg5 Nd7 20. h5 Ne7 21. g4 h6 22. Bd2
Nf6 23. N3h4 Nh7 24. Kh2 Qd8 25. Nf3 Nf6 26. Rg1 Nh7 27. Rg3 f6 28. N3h4 Ng5
29. Bxg5 fxg5 30. Nxe7+ Bxe7 31. Nf5 b5 32. a4 1/2-1/2

[Event "KAUPTHING OPEN 2007 B"]
[Site "?"]
[Date "2007.07.08"]
[Round "3.6"]
[White "Pletsch, Claude"]
[Black "Parreira, Luis Miguel"]
[Result "1/2-1/2"]
[WhiteElo "1903"]
[BlackElo "1969"]
[PlyCount "38"]
[EventDate "2007.07.18"]

1. e4 e6 2. d4 d5 3. exd5 exd5 4. Bd3 Bd6 5. Nf3 Ne7 6. O-O O-O 7. c3 Bf5 8.
Bg5 f6 9. Bh4 Nd7 10. Bg3 Nb6 11. Re1 Qd7 12. Bxd6 Qxd6 13. Qc2 Bxd3 14. Qxd3
Ng6 15. g3 Rfe8 16. Nbd2 Qd7 17. Kg2 Rxe1 18. Rxe1 Re8 19. Rxe8+ Qxe8 1/2-1/2

[Event "KAUPTHING OPEN 2007 B"]
[Site "?"]
[Date "2007.07.08"]
[Round "3.7"]
[White "Baillard, Marc"]
[Black "Nikolaeva, Maria"]
[Result "0-1"]
[WhiteElo "2001"]
[BlackElo "2091"]
[PlyCount "118"]
[EventDate "2007.07.18"]

1. d4 g6 2. c4 Bg7 3. Nc3 c5 4. d5 d6 5. e4 Nf6 6. Bd3 O-O 7. Nge2 e6 8. O-O
exd5 9. exd5 Ng4 10. b3 Re8 11. Bf4 Ne5 12. Bc2 a6 13. a4 b6 14. Qd2 Nbd7 15.
Ra2 Nf6 16. Bg5 Qc7 17. f3 Rb8 18. Ng3 Bb7 19. f4 Neg4 20. f5 Nd7 21. h3 Ne3
22. Rf3 Nxc2 23. Rxc2 Ne5 24. Rf1 f6 25. Bh6 Qe7 26. fxg6 hxg6 27. Bxg7 Kxg7
28. Nge4 f5 29. Ng5 Bc8 30. Rcc1 Nd3 31. Ne6+ Bxe6 32. Qxd3 Bd7 33. Rf3 Qg5 34.
Rcf1 Re7 35. Rg3 Qf6 36. Ne2 g5 37. Nf4 Kh6 38. Ne6 Bxe6 39. dxe6 f4 40. Qxd6
Rbe8 41. Rgf3 Rxe6 42. Qd3 Rd6 43. Qc3 Qxc3 44. Rxc3 Re2 45. h4 Rdd2 46. hxg5+
Kxg5 47. Rh3 Rxg2+ 48. Kh1 Rge2 49. Rh8 Rb2 50. Rg8+ Kf5 51. Rf8+ Ke6 52. R1xf4
Re1+ 53. Rf1 Rxf1+ 54. Rxf1 Rxb3 55. a5 bxa5 56. Ra1 Rb4 57. Rxa5 Rxc4 58. Kg2
Kd5 59. Kf2 Rf4+ 0-1

[Event "KAUPTHING OPEN 2007 B"]
[Site "?"]
[Date "2007.07.08"]
[Round "3.8"]
[White "Lobzhanidze, Anna"]
[Black "Fadil, Hicham"]
[Result "1-0"]
[WhiteElo "2086"]
[BlackElo "1769"]
[PlyCount "87"]
[EventDate "2007.07.18"]

1. e4 c5 2. Nf3 Nc6 3. d4 cxd4 4. Nxd4 Nf6 5. Nc3 e6 6. a3 a6 7. Be3 d6 8. Be2
Be7 9. O-O Bd7 10. f4 Qc7 11. Qe1 h5 12. h3 h4 13. Nf3 Nh5 14. Nxh4 Ng3 15.
Qxg3 Bxh4 16. Qf3 g6 17. Rad1 O-O-O 18. Na4 Rdg8 19. Nb6+ Kb8 20. Nc4 d5 21.
Bb6 Qc8 22. exd5 exd5 23. Nd6 Qf8 24. Qxd5 Be6 25. Qe4 Bf5 26. Nxf5 gxf5 27.
Qxf5 Rh6 28. Bf3 Rf6 29. Qd7 Rfg6 30. Qc7+ Ka8 31. Rd7 Qc8 32. Rxf7 Bf6 33.
Bxc6 Qxc7 34. Rxc7 bxc6 35. g4 c5 36. Bxc5 Kb8 37. Rf7 Rc8 38. b4 Bc3 39. Rd1
a5 40. Rdd7 Rh8 41. Bd6+ Kc8 42. Rc7+ Kd8 43. Rb7 Ke8 44. Rfe7+ 1-0

[Event "KAUPTHING OPEN 2007 B"]
[Site "?"]
[Date "2007.07.08"]
[Round "3.9"]
[White "Solaroli, Riccardo"]
[Black "Dubois, Martine"]
[Result "1-0"]
[WhiteElo "1929"]
[BlackElo "2073"]
[PlyCount "39"]
[EventDate "2007.07.18"]

1. e4 d5 2. exd5 Qxd5 3. Nc3 Qd6 4. d4 Nf6 5. Bd3 c6 6. Nge2 Bg4 7. f3 Bh5 8.
Bf4 Qd8 9. Qd2 e6 10. O-O-O Bb4 11. Bg5 Nbd7 12. Qe3 Qa5 13. Kb1 Bg6 14. Bxg6
hxg6 15. a3 Be7 16. Nc1 b5 17. Nb3 Qb6 18. Qe2 b4 19. Na4 Qa5 20. Nxa5 1-0

[Event "KAUPTHING OPEN 2007 B"]
[Site "?"]
[Date "2007.07.08"]
[Round "3.10"]
[White "Duenzel, Jonas"]
[Black "Bakalarz, Grazyna"]
[Result "1-0"]
[WhiteElo "1900"]
[BlackElo "2060"]
[PlyCount "73"]
[EventDate "2007.07.18"]

1. e4 g6 2. d4 Bg7 3. Be3 c6 4. Nc3 d5 5. e5 Qb6 6. Na4 Qc7 7. c3 h5 8. Bd3 b6
9. Qc2 Nh6 10. Bxg6 fxg6 11. Qxg6+ Kf8 12. e6 Bxe6 13. Qxe6 Ng4 14. Qf5+ Bf6
15. Bf4 Qd7 16. Qxd7 Nxd7 17. h3 Nh6 18. Nf3 c5 19. O-O-O cxd4 20. cxd4 Nf5 21.
Nc3 Rc8 22. Kb1 e6 23. Rhe1 Kf7 24. Ne5+ Bxe5 25. Bxe5 Rhg8 26. g3 a6 27. Ne2
Nxe5 28. dxe5 Ne7 29. Nf4 h4 30. g4 Rc4 31. Ng2 Ng6 32. f4 Rgc8 33. f5 Nf4 34.
Ne3 Re4 35. fxe6+ Nxe6 36. Rf1+ Kg7 37. Nf5+ 1-0

[Event "KAUPTHING OPEN 2007 B"]
[Site "?"]
[Date "2007.07.08"]
[Round "3.11"]
[White "Carrillo, Jesus"]
[Black "Pietras, Ryszard"]
[Result "1-0"]
[WhiteElo "2174"]
[BlackElo "1800"]
[PlyCount "29"]
[EventDate "2007.07.18"]

1. e4 d5 2. exd5 Qxd5 3. Nc3 Qa5 4. d4 c6 5. Bc4 Nf6 6. Bd2 Bg4 7. f3 Bh5 8.
Nge2 e6 9. Nf4 Bg6 10. Qe2 Be7 11. O-O-O O-O 12. h4 h6 13. Nxg6 fxg6 14. Qxe6+
Rf7 15. Qxf7+ 1-0

[Event "KAUPTHING OPEN 2007 B"]
[Site "?"]
[Date "2007.07.08"]
[Round "3.12"]
[White "Scheerer, Daniel"]
[Black "Bakalarz, Leszek"]
[Result "0-1"]
[WhiteElo "1716"]
[BlackElo "2105"]
[PlyCount "38"]
[EventDate "2007.07.18"]

1. e4 c5 2. d4 cxd4 3. c3 dxc3 4. Nxc3 Nc6 5. Nf3 g6 6. Bc4 Bg7 7. e5 Qa5 8.
Bf4 Nxe5 9. Bd5 Nc6 10. Bd2 Nf6 11. Bc4 O-O 12. Nb5 Qd8 13. Bf4 d6 14. Ng5 a6
15. Nc3 h6 16. Nf3 Nh5 17. Bd2 Bg4 18. Qc2 e6 19. O-O-O Bf5 0-1

[Event "KAUPTHING OPEN 2007 B"]
[Site "?"]
[Date "2007.07.08"]
[Round "3.13"]
[White "Henrichs, Wenke"]
[Black "Steil, Raymond"]
[Result "1-0"]
[WhiteElo "2079"]
[BlackElo "1731"]
[PlyCount "103"]
[EventDate "2007.07.18"]

1. d4 d5 2. c4 e5 3. dxe5 d4 4. Nf3 Nc6 5. g3 Be6 6. Nbd2 Qd7 7. a3 Nge7 8. Bg2
Ng6 9. b3 Be7 10. Bb2 O-O-O 11. Rc1 Bh3 12. Bxh3 Qxh3 13. b4 Ncxe5 14. Bxd4 Bf6
15. Bxe5 Nxe5 16. Nxe5 Bxe5 17. Qb3 Qg2 18. Qf3 Qxf3 19. Nxf3 Bf6 20. O-O Rhe8
21. Rc2 Rd7 22. Kg2 Red8 23. c5 c6 24. Rb1 Rd1 25. Rb3 a6 26. h4 Ra1 27. Nd2
Be5 28. Nc4 Bc7 29. Re3 Rad1 30. Re7 R1d7 31. Rxd7 Rxd7 32. f4 f5 33. Kf3 Re7
34. g4 fxg4+ 35. Kxg4 Re4 36. e3 Re6 37. Kf3 Rg6 38. e4 Rg1 39. e5 Rf1+ 40. Ke4
Rh1 41. Rg2 g6 42. Rg4 Re1+ 43. Kd3 Rd1+ 44. Ke2 Rd4 45. Nd6+ Bxd6 46. cxd6 Kd7
47. Ke3 Rc4 48. h5 Rc3+ 49. Kd4 Rxa3 50. hxg6 hxg6 51. Rxg6 c5+ 52. Kxc5 1-0

[Event "KAUPTHING OPEN 2007 B"]
[Site "?"]
[Date "2007.07.08"]
[Round "3.14"]
[White "Ortartchiev, Gadji"]
[Black "Meyer, Mylène"]
[Result "1-0"]
[WhiteElo "1992"]
[BlackElo "1720"]
[PlyCount "101"]
[EventDate "2007.07.18"]

1. c4 c6 2. d4 d5 3. e3 Nf6 4. Nc3 Bf5 5. Nf3 e6 6. Bd2 Bd6 7. Rc1 O-O 8. Be2
h6 9. O-O Re8 10. cxd5 exd5 11. Na4 Ne4 12. Nc5 Nxc5 13. dxc5 Be7 14. Nd4 Bh7
15. b4 Bf6 16. b5 Qe7 17. Re1 Qc7 18. Qa4 Bxd4 19. exd4 Nd7 20. bxc6 bxc6 21.
Ba5 Qc8 22. Bg4 Rxe1+ 23. Rxe1 f5 24. Bf3 Nf6 25. Re7 Rb8 26. h3 Rb7 27. Re1
Rb5 28. Be2 Rb8 29. Bd2 Qc7 30. g3 g5 31. Ba5 Qc8 32. Bd3 Ne4 33. Kg2 Rb2 34.
Re2 Rxe2 35. Bxe2 Qb7 36. Bb4 Qc7 37. Be1 f4 38. g4 Nf6 39. Ba5 Qb7 40. Qb3 Qc8
41. a4 Qe8 42. Qd1 Kg7 43. Bc7 Ne4 44. Be5+ Kf7 45. Qb3 Qd7 46. Qb8 Bg8 47. Ba6
Nc3 48. Bc8 Qe7 49. a5 Ne4 50. Bf5 Qe8 51. Bg6+ 1-0

[Event "KAUPTHING OPEN 2007 B"]
[Site "?"]
[Date "2007.07.08"]
[Round "3.15"]
[White "Bariani, Sebastie"]
[Black "Kruis, Ruud"]
[Result "0-1"]
[WhiteElo "1700"]
[BlackElo "1988"]
[PlyCount "72"]
[EventDate "2007.07.18"]

1. e4 c6 2. d4 d5 3. e5 Bf5 4. h4 h6 5. g4 Bh7 6. Bd3 Qd7 7. Bxh7 Rxh7 8. Qd3
Rh8 9. Qe2 Na6 10. c3 e6 11. Nh3 Be7 12. Nf4 Qd8 13. h5 Qb6 14. Qd3 O-O-O 15.
b4 Bg5 16. O-O Ne7 17. Be3 Kd7 18. Na3 Nc7 19. Rab1 Bxf4 20. Bxf4 Qa6 21. Qxa6
bxa6 22. c4 Rb8 23. Rb3 dxc4 24. Nxc4 Ned5 25. Bd2 Nb5 26. Be3 f5 27. gxf5 exf5
28. f4 Ke6 29. Bd2 Nxd4 30. Rd3 Nb5 31. a3 Rhd8 32. Rd1 Nb6 33. Nd6 Nxd6 34.
exd6 Nd5 35. Be3 Rd7 36. Bxa7 Rxa7 0-1

[Event "KAUPTHING OPEN 2007 B"]
[Site "?"]
[Date "2007.07.08"]
[Round "3.16"]
[White "Weller, Werner"]
[Black "Salentiny, Eric"]
[Result "1-0"]
[WhiteElo "1967"]
[BlackElo "1708"]
[PlyCount "91"]
[EventDate "2007.07.18"]

1. d4 d5 2. Nf3 Bf5 3. g3 h6 4. Bg2 Nf6 5. O-O e6 6. Nbd2 Be7 7. Ne5 Nbd7 8. c4
c6 9. Qb3 Rb8 10. Ndf3 dxc4 11. Nxc4 O-O 12. Bf4 b5 13. Ne3 Rc8 14. Nxf5 exf5
15. Rac1 Nd5 16. Bd2 Bf6 17. Qd3 Ne7 18. Bb4 g6 19. Qa3 Ra8 20. Bd2 Bg7 21.
Rfd1 a5 22. Qd3 Re8 23. Ne1 Qb6 24. e3 Rad8 25. Qb3 Nf6 26. Nd3 Ne4 27. Be1 Nd5
28. Nc5 h5 29. a3 Bf6 30. Rc2 Kg7 31. Rdc1 Ne7 32. Nxe4 fxe4 33. Bxe4 Rd6 34.
Bg2 h4 35. Rc5 hxg3 36. hxg3 Re6 37. Qc2 Bxd4 38. exd4 Nd5 39. Kf1 Rf6 40. Bxd5
cxd5 41. Rc6 Qd8 42. Rxf6 Kxf6 43. Qc7 Qa8 44. Qxa5 Qb8 45. Qc7 Qa8 46. Qc6+
1-0

[Event "KAUPTHING OPEN 2007 B"]
[Site "?"]
[Date "2007.07.08"]
[Round "3.17"]
[White "Birtz, Claude"]
[Black "Marchal, Roger"]
[Result "1-0"]
[WhiteElo "1936"]
[BlackElo "1682"]
[PlyCount "53"]
[EventDate "2007.07.18"]

1. d4 Nf6 2. c4 e6 3. Nf3 d5 4. Nc3 dxc4 5. e3 a6 6. Bxc4 b5 7. Bd3 Bb7 8. O-O
Nbd7 9. b3 Be7 10. Bb2 O-O 11. Rc1 Rc8 12. Qe2 c5 13. Rfd1 Qb6 14. dxc5 Nxc5
15. Bc2 Rfd8 16. b4 Nce4 17. Nxe4 Nxe4 18. a3 Rxd1+ 19. Qxd1 Rd8 20. Qe2 Bf6
21. Bxe4 Bxb2 22. Bxh7+ Kf8 23. Qxb2 Bxf3 24. gxf3 Qd6 25. Be4 Qe7 26. Qe5 f5
27. Bxf5 1-0

[Event "KAUPTHING OPEN 2007 B"]
[Site "?"]
[Date "2007.07.08"]
[Round "3.18"]
[White "Buchholtz, Léon"]
[Black "Adami, Eric"]
[Result "1-0"]
[WhiteElo "1905"]
[BlackElo "1653"]
[PlyCount "41"]
[EventDate "2007.07.18"]

1. d4 Nf6 2. c4 c5 3. d5 d6 4. Nc3 e5 5. e4 a6 6. Bd3 Bg4 7. f3 Bh5 8. h4 h6 9.
g4 Bg6 10. Be3 Nbd7 11. Qd2 Qc7 12. Nge2 Be7 13. Ng3 O-O-O 14. Ke2 Kb8 15. a3
Ka8 16. b4 Rb8 17. Rhb1 Qc8 18. b5 a5 19. b6 Nxb6 20. Rxb6 Bd8 21. Na4 1-0

[Event "KAUPTHING OPEN 2007 B"]
[Site "?"]
[Date "2007.07.08"]
[Round "3.19"]
[White "Ferri, Doriano"]
[Black "Marchal, Chantal"]
[Result "0-1"]
[WhiteElo "1646"]
[BlackElo "1884"]
[PlyCount "40"]
[EventDate "2007.07.18"]

1. d4 Nf6 2. c4 g6 3. Nc3 Bg7 4. Nf3 d6 5. e4 O-O 6. Bd3 Nbd7 7. O-O e5 8. d5
Nc5 9. Bc2 a5 10. Be3 b6 11. b3 Nh5 12. Qd2 Nf4 13. Bxf4 exf4 14. Nb5 Bxa1 15.
Rxa1 Qf6 16. Re1 Na6 17. e5 dxe5 18. Rxe5 Bg4 19. Re4 Bxf3 20. Rxf4 Qa1+ 0-1

[Event "KAUPTHING OPEN 2007 B"]
[Site "?"]
[Date "2007.07.08"]
[Round "3.20"]
[White "Lockwood, William"]
[Black "Poscic, Mark"]
[Result "1/2-1/2"]
[WhiteElo "1882"]
[BlackElo "1592"]
[PlyCount "61"]
[EventDate "2007.07.18"]

1. d4 Nf6 2. c4 c6 3. Nc3 d5 4. Nf3 Bf5 5. Qb3 b6 6. e3 e6 7. Bd2 Ne4 8. Nxe4
Bxe4 9. Be2 Nd7 10. Rc1 Rc8 11. a4 Qf6 12. a5 dxc4 13. Qxc4 b5 14. Qb3 a6 15.
Bc3 Qg6 16. Rg1 Be7 17. Bb4 Bxb4+ 18. Qxb4 h5 19. h4 Bxf3 20. Bxf3 e5 21. dxe5
Nxe5 22. Qe4 Qxe4 23. Bxe4 Nc4 24. b4 O-O 25. Ke2 Rfe8 26. Bf3 g6 27. g3 Re7
28. Bg2 c5 29. bxc5 Rxc5 30. Rgd1 Rc8 31. Ra1 1/2-1/2

[Event "KAUPTHING OPEN 2007 B"]
[Site "?"]
[Date "2007.07.08"]
[Round "3.21"]
[White "Papini, Emmanuel"]
[Black "Schuster, Tom"]
[Result "0-1"]
[WhiteElo "1866"]
[BlackElo "1528"]
[PlyCount "30"]
[EventDate "2007.07.18"]

1. e4 d5 2. exd5 Qxd5 3. Nc3 Qa5 4. d4 Bf5 5. Bc4 e6 6. a3 Bd6 7. Nge2 Nd7 8.
Be3 c6 9. Bf4 Bxf4 10. Nxf4 Qc7 11. Nd3 Ngf6 12. f3 Nd5 13. Nxd5 cxd5 14. Bb5
Rc8 15. Ne5 Qa5+ 0-1

[Event "KAUPTHING OPEN 2007 B"]
[Site "?"]
[Date "2007.07.08"]
[Round "3.22"]
[White "Steffen, Robert"]
[Black "Berteau, Franck"]
[Result "0-1"]
[WhiteElo "1552"]
[BlackElo "1859"]
[PlyCount "28"]
[EventDate "2007.07.18"]

1. e4 Nc6 2. d4 d5 3. Nc3 dxe4 4. d5 Ne5 5. Bf4 Ng6 6. Bb5+ Bd7 7. Bg3 f5 8.
Qh5 c6 9. Ba4 Nf6 10. Qg5 Nxd5 11. Nxd5 cxd5 12. Bb3 e6 13. Qd2 Be7 14. O-O-O
Bg5 0-1

[Event "KAUPTHING OPEN 2007 B"]
[Site "?"]
[Date "2007.07.08"]
[Round "3.23"]
[White "Oliva, Jan"]
[Black "Kasparova, Eva"]
[Result "1/2-1/2"]
[WhiteElo "1840"]
[BlackElo "1400"]
[PlyCount "35"]
[EventDate "2007.07.18"]

1. c4 c5 2. Nc3 Nc6 3. Nf3 g6 4. g3 Bg7 5. Bg2 e6 6. O-O Nge7 7. d3 O-O 8. Ne1
d5 9. cxd5 Nxd5 10. Bd2 b6 11. Nc2 Bb7 12. Rc1 Rc8 13. Nxd5 exd5 14. b4 cxb4
15. Nxb4 Nxb4 16. Bxb4 Re8 17. Bf3 Qd7 18. Qb3 1/2-1/2